000 00371nam a2200133Ia 4500
008 220214s9999 xx 000 0 und d
245 0 _aCoffee Board. Annual Report
260 _bCoffee Board
_aBangalore
310 _aA
500 _aEnding Volume & Year: 1989,
500 _aMissing Volume: 1976-1983;1986-1987
500 _aStarting Volume & Year: 1956,
942 _cBJ
999 _c2139
_d2139